书目信息 |
| 题名: |
森林培育学实践教程
|
|
| 作者: | 梅莉 , 张卓文 主编 | |
| 分册: | ||
| 出版信息: | 北京 中国林业出版社 2018.11 |
|
| 页数: | 257页 | |
| 开本: | 26cm | |
| 丛书名: | ||
| 单 册: | ||
| 中图分类: | S753 | |
| 科图分类: | ||
| 主题词: | 森林抚育--高等教育--教材 | |
| 电子资源: | ||
| ISBN: | 978-7-5038-9844-0 | |
| 000 | 01515nam0 2200289 45 | |
| 001 | 012001000752 | |
| 005 | 20191108084028.56 | |
| 010 | @a978-7-5038-9844-0@dCNY39.00 | |
| 100 | @a20190921d2019 em y0chiy50 ea | |
| 101 | 0 | @achi |
| 102 | @aCN@b110000 | |
| 105 | @aa z 000yy | |
| 106 | @ar | |
| 200 | 1 | @a森林培育学实践教程@Asen lin pei yu xue shi jian jiao cheng@f梅莉, 张卓文主编 |
| 205 | @a2版 | |
| 210 | @a北京@c中国林业出版社@d2018.11 | |
| 215 | @a257页@c图@d26cm | |
| 300 | @a国家林业和草原局普通高等教育“十三五”规划教材 国家林业和草原局生态文明教材及林业高校教材建设项目 | |
| 312 | @a封面英文题名:Practical tutorial of silviculture | |
| 330 | @a本书共分四篇57项实验实习内容,主要内容包括:第一篇林木种子质量检验,主要是林木种子的特征识别,种子千粒重、含水量、发芽率、生活力、优良度等播种品质的检验技术;第二篇林木种苗培育实习,主要包括:苗圃整地、播种育苗、扦插育苗、嫁接育苗、容器育苗、压条育苗、分生繁殖育苗、组织培养育苗等苗木培育关键技术实践;第三篇森林培育实习,主要包括:人工林调查、立地质量评价、造林整地、苗木栽植技术、林分密度、抚育间伐及森林更新等核心森林培育技术实践;第四篇课程设计,主要包括:苗圃调查规划设计、造林调查规划设计、抚育间伐作业设计、农林复合经营方案设计及森林主伐更新规划设计及低值林分近自然改造设计。 | |
| 510 | 1 | @aPractical tutorial of silviculture@zeng |
| 606 | 0 | @a森林抚育@x高等教育@j教材 |
| 690 | @aS753@v5 | |
| 701 | 0 | @a梅莉@Amei li@4主编 |
| 701 | 0 | @a张卓文@Azhang zhuo wen@4主编 |
| 801 | 0 | @aCN@b北京卓展文化@c20191020 |
| 905 | @b1196769-72@dS753@e117=2@f4 | |
| 森林培育学实践教程/梅莉, 张卓文主编.-2版.-北京:中国林业出版社,2018.11 |
| 257页:图;26cm |
| 国家林业和草原局普通高等教育“十三五”规划教材 国家林业和草原局生态文明教材及林业高校教材建设项目 |
| ISBN 978-7-5038-9844-0:CNY39.00 |
| 本书共分四篇57项实验实习内容,主要内容包括:第一篇林木种子质量检验,主要是林木种子的特征识别,种子千粒重、含水量、发芽率、生活力、优良度等播种品质的检验技术;第二篇林木种苗培育实习,主要包括:苗圃整地、播种育苗、扦插育苗、嫁接育苗、容器育苗、压条育苗、分生繁殖育苗、组织培养育苗等苗木培育关键技术实践;第三篇森林培育实习,主要包括:人工林调查、立地质量评价、造林整地、苗木栽植技术、林分密度、抚育间伐及森林更新等核心森林培育技术实践;第四篇课程设计,主要包括:苗圃调查规划设计、造林调查规划设计、抚育间伐作业设计、农林复合经营方案设计及森林主伐更新规划设计及低值林分近自然改造设计。 |
| ● |
| 相关链接 |
|
|
|
|
正题名:森林培育学实践教程
索取号:S753/117=2
 
预约/预借
| 序号 | 登录号 | 条形码 | 馆藏地/架位号 | 状态 | 备注 |
| 1 | 1196769 | 211967692 | 第二样本阅览室/ [索取号:S753/117=2] | 在馆 | |
| 2 | 1196770 | 211967709 | 第三借阅区/ [索取号:S753/117=2] | 在馆 | |
| 3 | 1196771 | 211967718 | 第三借阅区/ [索取号:S753/117=2] | 在馆 | |
| 4 | 1196772 | 211967727 | 第三借阅区/ [索取号:S753/117=2] | 在馆 |